| 000 | 00610nam 22001933 4500 | ||
|---|---|---|---|
| 001 | 200502 | ||
| 090 | _a200502 | ||
| 100 | _a20260210d u||y0pory50 ba | ||
| 200 |
_aDesenho de construção mecânica _f I. Vychnepolski, V. Vychnepolski _gtradução Victor Andreev |
||
| 210 |
_aMoscovo _cMir _dcop. 1987 |
||
| 215 |
_a244, [6] p. _cil.; encadernado _d25 cm |
||
| 606 |
_913230 _aEngenharia. Tecnologia em Geral |
||
| 675 |
_a62 _vSU _zpor |
||
| 700 |
_916310 _aVychnepolski _b I. |
||
| 701 |
_916311 _aVychnepolski _b V. |
||
| 702 |
_916312 _a Andreev _bVictor |
||
| 801 |
_aPT _bBMMN _gRPC |
||
| 830 | _cVanda | ||
| 990 | _cLIVROS | ||